000 00577nam a2200217 a 4500
005 20210219153238.0
008 991125n 000 0 u
035 _aUPN01000085491
100 _aBoice, Robert
222 _aNEW DIRECTIONS FOR TEACHING AND LEARNING
245 _aLessons learned about mentoring
300 _a51-62
362 _aNo. 50, 1992
505 _aDiciembre 1992
653 0 _aDESARROLLO DE LA FACULTAD
653 0 _aFACULTAD COLEGIAL
653 0 _aMENTOR
653 0 _aPROFESORES PRINCIPIANTES
904 _aAC
_b023302
905 _aArticulo
999 _c71938
_d71938